00575nam a2200193 a 4500001001300000003000900013005001700022008004100039020001000080082001600090100003000106245001900136260004300155300000900198500003500207505009100242650001800333700003000351nice12345678IN_TiNIC20260116012046.0050524s1938 alla grp 000 0 urd  ac10000a297.52bSAR aKhan, Malik Ghulam Sarwar aNamaz-I-Muslim aAllahabadbAnwaar-I-Ahmadi Pressc1938 a344p aincludes index and biblioraphy2 aalso contains nishan-e-asmani, asmani faisla siraj-e-munir and risala tuhfa-e-baghdad. aIslam-Prayers1 aKhan, Malik Ghulam Sarwar